100 Najbardziej Znanych Teleturniejów - dla Kolegi Ignacego - Statystyki

Ogólne statystyki
  • Ten quiz został rozwiązany 634 razy
    492 od ostatniego zresetowania
  • Średni wynik to 27 z 100
Statystyki odpowiedzi
Lata emisji Stacja TV Prowadzący Wskazówka Odpowiedź % Poprawnych
1993-2003; 2008-2010; 2017-teraz TVN Hubert Urbański Należy odpowiedzieć na pytania aby wygrać milion Milionerzy
95%
1992-1998; 2007-2009; 2017-teraz TVP 2 Wojciech Pijanowski, Stanisław Mikulski, Krzysztof Tyniec, Rafał Brzozowski, Norbert ,,Norbi" Dudziuk Połączenie gry w ruletkę i wisielca Koło fortuny
91%
1994-teraz TVP 2 Karol Strasburger Znany z żartów prowadzącego. Oryginalna wersja pochodzi z USA Familiada
88%
1997-teraz TVP 1 Robert Janowski, Jacek Borkowski, Norbert ,,Norbi” Dudziuk, Rafał Brzozowski Najbardziej znany teleturniej muzyczny Jaka to melodia?
85%
1994-teraz TVP 2, TVP 1 Tadeusz Sznuk 10 zawodników odpowiada na pytania z różnych dziedzin. W finale do którego trafiają 3 najlepsze osoby zostaje wyłoniony zwycięzca odcinka Jeden z dziesięciu
83%
2011-teraz TVP 2 Łukasz Nowicki Należy odpowiedzieć na 8 pytań aby wygrać milion złotych ustawiając pieniądze na czterech zapadniach tak aby jedna z nich była pusta Postaw na milion
78%
2002-2005 POLSAT Krzysztof Ibisz Charakterystycznym elementem gry jest licytacja Awantura o kasę
70%
2009-2012; 2016-2018 TVP 2 Maciej Kurzajewski, Barbara Kurdej-Szatan Propagowana i sprawdzana jest w nim wiedza o Polsce i Polakach Kocham Cię Polsko
61%
2008-2009 TV 4 Krzysztof Ibisz Trzeba było odpowiadając na pytania zdemaskować kłamczucha Kłamczuch
57%
2005-2007 POLSAT Krzysztof Ibisz Uczestnik nie znał wysokości stawki, o którą walczył. Znali ją tylko telewidzowie Gra w ciemno
50%
2001-2005 TVP 2 Rudi Schuberth Trzeba rozwiązać muzyczne zagadki do których często grali pianiści z obu drużyn na czarnym i białym fortepianie Śpiewające fortepiany
50%
1996-2003; 2020-teraz TVP 2 Kazimierz Kaczor, Przemysław Babiarz Trzeba było odpowiadać na zadawane hasła sformułowane jako zdania oznajmujące pytaniami Va banque
50%
1962-2006 TVP 1, TVP 2 Ryszard Serafinowicz, Joanna Roztocka, Janusz Budzyński, Stanisława Ryster Trzeba było mieć bardzo konkretną wiedzę by cokolwiek osiągnąć w tym teleturnieju Wielka Gra
50%
2008-2012 TVP 2 Maciej Miecznikowski Celem gry było dokończenie tekstu piosenek Tak to leciało
47%
2017-teraz TVP 1, TVP 2 Paweł Orleański, Maciej Kurzajewski Jeden z uczestników jest oddzielony od gry gdzie odpowiada na pytania. Przed drugim stoi 12-metrowa struktura The Wall. Wygraj Marzenia
47%
2017-2018 SUPER POLSAT Krzysztof Ibisz Trzeba było udzielić odpowiedzi na 10 pytań mając do wyboru 4 możliwe odpowiedzi. Uczestnik mógł skorzystać z jokera zwyczajnego lub osobistego w momencie niewiedzy a w przypadku dojścia do ostatniego pytania – wycofać się z niego Joker
46%
1993-2012, 2019 TVP 2 Wojciech Mann, Artur Orzech Amatorzy śpiewają w formie karaoke piosenki znanych wykonawców, którzy są jurorami danego odcinka. Uczestnik musi również wybrać podkład muzyczny do swojego wykonania z dodatkowo nagraną linią melodyczną lub bez niej Szansa na sukces
43%
2004-2006 TVN Kazimiera Szczuka Polega on na tym aby odpowiadać jak najszybciej na pytanie w wyznaczonym czasie a następnie po każdej rundzie wyeliminować ,,najsłabszą” osobę z gry Najsłabsze ogniwo
42%
1992-2005, 2019 TVP 1 Jacek Kawalec, Tomasz Kammel, Konrad Eleryk Kobieta wybierała tu mężczyznę lub na odwrót spośród trzech niewidocznych kandydatów lub kandydatek znajdujących się za parawanem poprzez zadawanie pytań Randka w ciemno
41%
1993-2004 TVP 1, TVP POLONIA Janusz Weiss Tytuł był przez jeden rok prawdziwy gdyż później nastąpiła inflacja i zmniejszono nagrodę główną Miliard w rozumie
39%
2008-2009; 2021- teraz TVP 2 (sezony 1 i 2); Viaplay (3 sezon) Robert Gonera, Katarzyna Glinka i Janusz Weiss (edycje 1 i 2); Elżbieta Romanowska, Mariusz Kałamaga, Tamara Gonzalez Perea i Paweł Rupala (Papina McQueen) (edycja 3) Teleturniej wymagający siły fizycznej. Umiejscowiony na zachodnim wybrzeżu Francji Fort Boyard
38%
1997-2001 POLSAT Zygmunt Chajzer, Krzysztof Tyniec Brały w nim udział osoby wybrane spośród publiczności. Pojawiała się w nim maskotka Zonk przedstawiająca kota w worku Idź na całość
36%
1993-1996, od 2019 TVP 1 Hanna Dunowska i Krzysztof Ibisz, Izabella Krzan i Maciej Kurzajewski Polegał na trwającej cały rok rywalizacji kilkudziesięciu par wybranych w konkursie spośród tysięcy kandydatów Czar Par
35%
2007-2009 TV PULS Robert Korólczyk, Marzena Rogalska W tej grze pytania nie przekraczały poziomu 5 klasy szkoły podstawowej, na które odpowiadał dorosły z pomocą dzieci (ale tylko do 10 pytania). Czy jesteś mądrzejszy od 5-klasisty?
34%
2002-2004 POLSAT Henryk Talar, Krzysztof Ibisz Charakterystycznym elementem tego teleturnieju była obecność zapadni Rosyjska ruletka
34%
2017 POLSAT Jerzy Mielewski Uczestnicy prezentowali ponadprzeciętne możliwości swojego umysłu co jest oceniane przez jury w którym zasiadał m.in. Rezigiusz. O zwycięscy decydowała publiczność The Brain. Genialny Umysł
33%
2019 TVP 1 Marzena Rogalska W każdym odcinku prowadząca i 2 drużyny składające się z kapitana i zaproszonego przez niego gościa przenoszą się do innego roku i biorą udział w różnych konkurencjach a w niektórych też publiczność. To był rok!
33%
2005-2007 POLSAT Zygmunt Chajzer Kluczową rolę w grze odgrywały walizki. Początkowo oparty na holenderskich zasadach, lecz później na amerykańskich Grasz czy nie grasz?
31%
2018 TVP 2, TVP 1 Sławomir Zapała 8 gwiazd polskiego show-biznesu odgaduje wykonawców utworów najpierw zapisując ich na tabletach grając na tym samym na swoje konto, potem zaś wciskają ,,grzybek” i odpowiadają ustnie grając na konto drużynowe. Big Music Quiz
30%
2011-2012 TVN Marcin Prokop Trzeba wykonać 10 zadań aby wygrać milion złotych. Na każde z nich ma się 1 minutę. Uczestnik ma również 3 życia a gdy je straci – kończy grę. Milion w minutę
30%
Od 2019 TVP 1 Radek Brzózka Należy odgadnąć hasła do krzyżówki będące podanymi przez uczestników odpowiedziami na zadawane przez prowadzącego pytania oraz podać hasło główne Gra słów. Krzyżówka
29%
2009-2011 TVP 2, TVP HD Roman Czejarek Należy odgadywać słowa klucze i poprawnie odpowiadać na pytania aby dojść do finału i wygrać 100 000 zł Gilotyna
27%
1995-2000 POLSAT, POLSAT 2, NASZA TV Wojciech Malajkat, Piotr Gąsowski Trzeba było jak najszybciej odgadywać hasła pokazywane przez prowadzącego Kalambury
27%
2000-2002 POLSAT Krzysztof Ibisz W tym teleturnieju mogłeś odpowiedzieć na pytanie o wartości swoich niespłaconych rachunków Życiowa Szansa
26%
2002-2004 TVN Zygmunt Chajzer Brały w nim udział trzy rodziny, które walczyły o swoje wymarzone nagrody mając 7 dni na opanowanie wyznaczonego zadania Chwila prawdy
23%
2009-2010 POLSAT Zygmunt Chajzer Należało odpowiedzieć na pytania dotyczące życia osobistego, zawodowego i rodziny zgodnie z prawdą w obecności trzech bliskich osób w studio. Moment prawdy
23%
2014 TVP 2 Tomasz Kammel i Radosław Kotarski Celem gry było wskazanie odpowiedzi o jak najmniejszej ilości punktów Tylko ty
23%
2008-2010 TVP 2 Tomasz Kammel, Marzena Rogalska Drużyna dorosłych i drużyna dzieci rywalizują 1 na 1 odpowiadając na pytania według zasady ,,kto pierwszy ten lepszy" z użyciem przycisków Dzieciaki górą!
22%
2000-2004 TVP 1 Jacek Chmielnik, Piotr Bałtroczyk Zawodnicy odpowiadają na pytania dotyczące polskich seriali Kochamy Polskie Seriale
22%
2017-teraz YOUTUBE, IPLA Tomasz ,,Gimper" Działowy Najpopularniejszy teleturniej internetowy, w którym wiedza, talenty i charaktery gości wystawiane są na próbę Lekko nie będzie
22%
2004-2006 TVP 1 Piotr Bałtroczyk Zawodnicy odpowiadają na pytania dotyczące polskich komedii Kochamy Polskie Komedie
21%
2003-2006 TV 4 Paweł Orleański Trzeba odgadywać hasła po podpowiedziach z pomocą pojawiających się liter Daję słowo
20%
2009 TV 4 Adam Grzanka, Adam Małczyk, Michał Pałubski Należy dopasować się do kształtu wycięcia w nadjeżdżającej styropianowej ściance. Inaczej zepchnie ona zawodnika do basenu Hole In the Wall
20%
2006 TVP 2 Piotr Gąsowski Teleturniej muzyczny, w którym przypominano przeboje polskie i zagraniczne oraz programy archiwalne Telewizji Polskiej z nastawieniem na występujące w nich tematy muzyczne Dubidu
19%
Od 2019 TV PULS Robert Janowski Zasady są tu podobne do gry w kółko i krzyżyk. Trzeba odgadnąć tytuł piosenki lub ją dokończyć i ułożyć trzy iksy lub kółka tak jak we wspomnianej grze Gra Muzyka
18%
2018 TV PULS Marcin Wójcik Aby wygrać trzeba udzielić 21 błędnych odpowiedzi Następny proszę!
18%
1996-1997 TVP 1 Krzysztof Ibisz, Andrzej Krzywy Teleturniej oparty na grze pomidor Pomidor
18%
1998-2001 TVP 3, TVP 1, TVP POLONIA Mariusz Kiljan Teleturniej młodzieżowy, w którym rywalizowali uczniowie dwóch wybranych szkół podstawowych, których zadaniem było odbudowanie mostu Budujemy mosty
17%
2004-2005 TVN Martyna Wojciechowska Uczniowie klas piątych i szóstych szkół podstawowych odpowiadali na pytania z wiedzy ogólnej a następnie z wybranych przez siebie dziedzin Dzieciaki z klasą
17%
2005-2009 POLSAT, TV 4 Ewa Gawryluk, Agata Młynarska Do programu mogły zgłaszać się jedynie szóste klasy, a główną nagrodą dla zwycięzców edycji było stypendium w wysokości 500 000 zł, które wręczał Krzysztof Ibisz Eureko, ja to wiem!
17%
1961-1975 TVP 1 Bolesław Kielski Teleturniej wiedzowy Kółko i krzyżyk
17%
2001-2002 TVP 1 Rafał Rykowski Teleturniej znany z przywitania prowadzącego ,,kogo witam kogo goszczę" Piraci
17%
2017 TVP 1 Marcin Rams Tutaj to kapitan odpowiada na pytania mając 4 odpowiedzi do wyboru, zaś jego drużyna wchodzi do specjalnej kabiny i ocenia czy znał on odpowiedź na dane pytanie. Jeżeli mają wątpliwości mogą użyć jednego z dwóch rodzajów ubezpieczeń Rodzina wie lepiej
17%
2008-2009 POLSAT Cezary Pazura Tutaj każde pytanie oparte było na badaniach, sondażach i statystykach. Strzał w 10
17%
2005, 2018 TV4, SUPER POLSAT Dariusz Lech, Pan Wojciech, Kamil Baleja Głównym motywem programu jest podróż taksówką, podczas której dwoje znajomych sobie uczestników odpowiada na pytania z zakresu wiedzy ogólnej Taxi kasa
17%
2002-2004 TVN Agnieszka Wróblewska, Ireneusz Bieleninik i Małgorzata Opczowska Dotyczył on słowotwórstwa. Występowali w nim goście w studiu oraz widzowie dzwoniący do teleturnieju Tele gra
17%
2002-2003 TVN Piotr Szwedes Polegał na rywalizacji par narzeczonych w konkurencjach sprawdzających sprawność fizyczną, inteligencję poczucie humoru oraz znajomość siebie nawzajem We dwoje
17%
1966-1970 TVP 1 Rafał Rykowski Należało zebrać jak najszybciej 21 punktów odpowiadając na pytania z wybranych przez siebie dziedzin: łatwe, średnie i trudne 21
16%
2007 TV 4 Paweł Orleański Bierze w nim udział 4 uczestników z czego jeden z nich to mistrz z poprzedniego odcinka. Lingo
16%
2005 TVP 2 Olaf Lubaszenko Był on rozgrywany systemem pucharowym i można było w nim wygrać 100 000 złotych odpowiadając na pytania Najlepszy z najlepszych
16%
1997-2000 POLSAT Hubert Urbański, Andrzej Strzelecki Należało odgadnąć 7 słów w ciągu 30 sekund na dany temat Piramida
16%
1995-2000 TVP 2 Daria Trafankowska, January Brunov Udział bierze troje zawodników w określonych kategoriach wiekowych na tym samym poziomie szkoły podstawowej, ubrani w czapki baseballowe, którzy rozwiązywali łamigłówki i zadania matematyczne. Szalone liczby
16%
2007 TVP 2 Paweł Burczyk, Cezary Kosiński Uczestnicy dostawali na start 2000 zł i brali udział w pięciu rundach odpowiadając na pytania. Po rundach dokonywano ,,konfrontacji” po czym uczestnik, który odpadł trafiał do ,,pokoju pożegnań”. Wielki poker
16%
1998-2000 TVP 2 Mirosław Siedler Zasady były oparte na popularnych grach planszowych a plansza miała kształt pytajnika i składała się z 20 pól. Brały w nim udział dwie dwuosobowe drużyny z czego 1 osoba poruszała się pionkiem po planszy a druga odpowiadała za pulpitem na pytania od prowadzącego. Duety do mety
15%
2007-2008, od 2019 TVP 2 Olga Bończyk, Marzena Rogalska Dwie dwuosobowe drużyny składające się z kucharza i osoby z publiczności muszą w 20 minut przygotować danie korzystając ze składników, których wartość nie przekracza 20 złotych Gotowi do gotowania. Start!
15%
1997-1999 POLSAT Rudi Schubert Teleturniej karciany Rekiny kart
15%
2000 TVP 2 Roman Czejarek Należało odpowiedzieć na pytania z zakresu mijającego tysiąclecia Tele Milenium
15%
2000 TVP 2 Dorota Deląg i Jarosław Kulczycki Teleturniej o znakach zodiaku Znaki zodiaku
15%
2008-2009 TVP 1 Maciej Orłoś Pytania tutaj nawiązywały do czasów PRL-u i oparte były na archiwalnych nagraniach Polskiej Kroniki Filmowej oraz wycinkach ze znanych polskich filmów lub piosenek 300 procent normy
14%
1995-1999 TVP 2 Marek Grabowski Zasady gry były częściowo oparte na grze bingo. Dwie dwuosobowe drużyny odgadywały 5 literowe hasła znając ich pierwszą literę i mając 5 prób do odpowiedzi 5x5 - wygrajmy razem
14%
2001-2002 POLSAT Mirosław Siedler Trzeba było podać odpowiedzi na pytania, które kapitanowie drużyn mogli zatwierdzić lub zmienić Chciwość, czyli żądza pieniądza
14%
1997-1998 TVN Grzegorz Wons Teleturniej w którym czterech graczy wylosowanych spośród publiczności ma wycenić różne przedmioty a następnie nagrody Dobra cena
14%
1995-2000 TVP 1 Krystyna Kwiatkowska Teleturniej muzyczny dla dzieci, w którym podczas zabawy poznają trzy nowe instrumenty muzyczne Dźwiękogra
14%
1999-2000 TVN Krzysztof Ibisz i Jacek Lenartowicz Nadawany na żywo teleturniej, w którym odbywało się losowanie loterii, której losy można było kupić w kioskach w całej Polsce Gorączka złota
14%
2015 POLSAT Piotr Gąsowski Polegał on na zrobieniu zakupów na zadany temat, będąc jak najbliżej zaplanowanego budżetu w kilka minut Mistrz zakupów
14%
2015 TVP 1 Katarzyna Kwiatkowska Zawodnicy odpowiadali na pytania dotyczące geografii świata ale tylko dwoje z nich przechodziło dalej i wybierało stawkę o jaką grali, która musiała być wielokrotnością 5 i region. Podróż życia
14%
2007 TVP 1 Robert Rozmus W każdym odcinku występują dwie rodziny, które śpiewają i prezentują przygotowane wcześniej występy a utwory muzyczne do niektórych odcinków wybierał Marek Sierocki Rodzina jak z nut
14%
1999 TVP 2 Monika Richardson Teleturniej prawniczy, w którym zawodnicy musieli wykazać się znajomością wydarzeń policyjnych i sądowych Teleadwokat
14%
1990-1998 TVP KATOWICE Bolesław Cader Udział brali widzowie zgromadzeni w studiu oraz połączeni za pomocą telefonu Telefoniada
14%
2008-teraz TVP 1, TVP POLONIA, TVP HISTORIA Piotr Kraśko, Paulina Chylewska, Anna Popek, Radosław Brzózka, Przemysław Babiarz, Maciej Orłoś, Maciej Kurzajewski Teleturniej sprawdzający wiedzę uczestników o historii Polski Wielki Test z Historii
14%
1999-2000 TVP KATOWICE Ewa Niestrój-Leśniak Teleturniej dla dzieci oparty na zagadkach Zgadula
14%
1997-1998 POLSAT Wojciech Malajkat i Robert Rozmus Zawodnik wybierał 1 osobę spośród 9 siedzących w kwadratowej strukturze. Udziela ona odpowiedzi na dane pytanie a zawodnik ocenia czy mówi prawdę. Zasady są oparte na grze w ,,kółko i krzyżyk" Dziewięciu wspaniałych
13%
2009-2010 POLSAT Katarzyna Cichopek Teleturniej randkowy Gra wstępna
13%
2003 TV 4 Andrzej Supron Interaktywny teleturniej poświęcony tematyce piłkarskiej Jedenastki
13%
2005 POLSAT Zygmunt Chajzer Brały w nim udział cztery dwuosobowe drużyny. Teleturniej o charakterze rozrywkowym, w którym nagrody były skromne Na zawsze razem
13%
2001-2002 POLSAT Tomasz Stockinger, Roch Siemianowski Charakterystycznym elementem był tu sejf w tle Rozbij bank
13%
2004-2005 POLSAT Andrzej Krzywy Teleturniej muzyczny Szafa gra
13%
2003-2005 TVP 2 Janusz Weiss Wyłoniony zostaje jeden z trójki bezrobotnych, który przedstawi najlepszy plan biznesowy w ciągu 1 minuty co oceniało trzyosobowe jury Złoty interes
13%
1998-2000 TVN Jacek Radziński Teleturniej uliczny, w którym prowadzący proponował przypadkowej osobie udział w określonej konkurencji, w której nagrodą było 1000 złotych. Aby wygrać trzeba było zmieścić się w konkretnym limicie czasowym Zwariowana forsa
13%
2013 POLSAT Aleksandra Szwed W tym teleturnieju rywalizowało się o możliwość prowadzenia piwiarni Ekipa na swoim
12%
2001 TVN Michał Gulewicz Trzy dwuosobowe drużyny udzielały poprawnych odpowiedzi na zadane pytania dotyczące życia gwiazd show-biznesu i plotek na ich temat Galaktyka
12%
1998-2002 POLSAT Sławomir Świerzyński Występowali w nim przedstawiciele samorządów gminnych Gospodarz, czyli złote asy Polsatu
12%
2008 TV 4 Kuba Klawiter Rywalizowały w nim trzy pięcioosobowe drużyny ale tylko jedna osoba zwyciężała całą grę wygrywając 30000zł. Istne szaleństwo
12%
2008-2009 TVN Marcin Meller Ośmioro uczestników prezentowało swoje pomysły na biznes, które oceniało jury Kapitalny pomysł
12%
1998 TVP 1 Maciej Zakrocki Teleturniej historyczny emitowany z okazji 80 rocznicy odzyskania przez Polskę niepodległości po 123 latach zaborów Od rozbioru do wolności
12%
2010 POLSAT Agata Młynarska i Krzysztof Ibisz W każdym odcinku rywalizowały 3 pary. Jedna osoba z pary zostawała poddawana testowi a druga przebywała w dźwiękoszczelnym pomieszczeniu. Potem była zmiana On i Ona
12%
1983-1988 TVP 1 Michał Bunio i Krzysztof Surgowt Rywalizowała tu młodzież szkolna pochodząca z różnych miast i szkół. Reprezentanci grup rywalizowali ze sobą w konkursie wiedzy jak i na polu sportowym Rambit
12%
1961-1968 TVP 1 Bogdan Miś Jest on poświęcony w całości zagadkom matematycznym. Brały w nim udział pary współzawodniczących w rozwiązywaniu tych samych zadań matematycznych uczestników Śladami Pitagorasa
12%
2013-2014 DISNEY XD Yoshi Amao Prowadzący i jego ekipa zmuszają przebranych w nieprawdopodobne kostiumy uczestników do biegów, skoków, ślizgów i obrotów. Najlepszy z nich zostaje mistrzem Japandemonium Japanizi Gonić Gonić Gong/Japanizi Going Going Gong
11%
1970-1975 TVP 1 Janusz Budzyński Występowali w nim parami celebryci, którzy zadawali sobie wzajemnie zadania do wypełnienia Pojedynek
11%
Nie znaleziono quizów pasujących do podanych kryteriów
Rozkład punktacji
Procent ludzi z każdym wynikiem
Percentyl według liczby udzielonych odpowiedzi
Twoja historia wyników
Nie rozwiązałeś tego quizu od ostatniego zresetowania